Responses for Show #6520 - Friday, January 11, 2013

Kristin Morgan game 3.

Contestants

[<< previous game]

Frances Way, a math and drama teacher from Fort Collins, Colorado

Parker East, a performance artist from Tallahassee, Florida (whose 1-day cash winnings total $6,799)

Kristin Morgan, a strategic analyst for NASA from Huntsville, Alabama (whose 2-day cash winnings total $13,499)

[next game >>]

Jeopardy! Round responses

BE SPECIFIC
REAL POWER PLAYERS
BODY PART-POURRI
BEGINS & ENDS WITH O
BIO PICKS
INTERNATIONAL GEOGRAPHIC
    $200 16
(Kristin: What is John Rockefeller?)

Nelson

KristinParker
    $200 1
a serve

Parker
    $200 11
a tongue

Kristin
    $200 6
to overdo

Kristin
    $200 24
Paul McCartney

Kristin
    $200 30
Afghanistan

Parker
    $400 19
bourbon

Parker
    $400 2
Mark McGwire

Parker
    $400 12
a nose

Frances
    $400 7
oleo

Kristin
    $400 25
the Curies

Parker
    $400 17
the Sudan

Parker
    $600 21
Stephen Baldwin

Kristin
    $600 3
Dick Butkus

Triple Stumper
    $600 13
foot

Parker
    $600 8
onto

Kristin
    $600 27
Mexico

Parker
    $600 18
(Frances: What is Edmonton?)
(Parker: What is Saskatchewan?)

Alberta

KristinParkerFrances
    $800 22
(Parker: What is 238?)

235

Parker
Triple Stumper
    $800 4
Thunder

Parker
    $800 14
the brain

Frances
    $800 9
oregano

Kristin
    $2,600 28
(Amerigo) Vespucci

Parker
    $800 20
(Kristin: What is Hungary?)

the Czech Republic

KristinFrances
    $1000 23
the Crimean War

Frances
    $1000 5
Hands of Stone

Frances
    $1000 15
My Neck

Frances
    $1000 10
an oratorio

Kristin
    $1000 29
Sinclair Lewis

Kristin
    $1000 26
the Río de la Plata

Triple Stumper

Scores at the first commercial break (after clue 15):

Kristin Parker Frances
$3,200 $2,000 $3,200

Scores at the end of the Jeopardy! Round:

Kristin Parker Frances
$4,600 $5,400 $4,400

Double Jeopardy! Round responses

"BE" SPECIFIC
(Alex: Those letters "BE" will come up in each correct response.)
THE KOREAN WAR
PRIVATE EYE Q
LATIN LEGALESE
ENDINGS ON TV
(Alex: We are going to introduce some famous entrepreneurs of the past who have ventured...)
INTO THE SHARK TANK
    $400 1
the beholder

Kristin
    $400 17
(Douglas) MacArthur

Parker
    $400 7
(Frances: Who is Sam Spade?)
...
(Alex: Who is [*]? Sam Spade was
Dashiell Hammett.)

Philip Marlowe

Frances
Triple Stumper
    $400 23
let the seller beware (may the seller beware accepted)

Kristin
    $400 6
zombies

Kristin
    $400 9
(Andrew) Carnegie

Kristin
    $800 2
a beginner

Kristin
    $800 16
(Alex: Oh, you're gonna hate yourself for missing this one. What is [*]?)

a helicopter

Triple Stumper
    $800 8
(Parker: Who is Kinsey Millhouse?)

Kinsey Millhone

Parker
Triple Stumper
    $1,600 24
(Kristin: What is a posteriori?)

ex post facto

Kristin
    $800 12
licking envelopes

Kristin
    $1,600 10
(George) Eastman

Kristin
    $1200 3
to behave

Kristin
    $1200 18
a tugboat

Parker
    $1200 25
a living will

Kristin
    $1200 13
(Kristin: What is a bus?)

a subway train

Kristin
Triple Stumper
    $1200 11
Philo Farnsworth

Triple Stumper
    $1600 4
a beachcomber

Frances
    $1600 19
Pyongyang

Parker
    $1600 26
(Kristin: What is ignorance is no excuse for the law?)
...
(Alex: Kristin got it inverted there.)
[The end-of-round signal sounds.]

ignorance of the law is no excuse

KristinFrances
    $1600 14
(Alex: That was [*].)

a bus

Triple Stumper
    $1600 15
(Cyrus) McCormick

Parker
    $2000 5
to begrudge

Frances
    $2000 20
(Parker: What is the 17th?)
(Frances: What is the 39th parallel?)
(Kristin: What is the 33rd parallel?)
...
(Alex: No harm, no foul: you each lost the same amount of money.)

the 38th parallel

KristinParkerFrances
Triple Stumper
    $2000 22
(Alex: Minute to go.)

a Zamboni

Kristin
    $2000 21
Milton Bradley

Kristin

Scores at the end of the Double Jeopardy! Round:

Kristin Parker Frances
$9,400 $7,400 $7,200

[wagering suggestions for these scores]

Final Jeopardy! Round responses

RIVERS
(Alex: [To Parker] He was going for what looks like the Limpopo River, and he crossed it off, and he has no response.)
...
(Alex: [To Kristin] No, the Zambezi em--empties into the ocean, but [*] empties into the Caspian Sea.)
FrancesWhat is the Arne
$5,200
ParkerWhat is the limpo l:
$7,400
KristinWhat the Zambezi?
$5,401
the Volga River

Final scores:

Kristin Parker Frances
$3,999 $0 $2,000
3-day champion: $17,498 3rd place: $1,000 2nd place: $2,000

Game dynamics:

Coryat scores:

Kristin Parker Frances
$10,200 $5,600 $7,200
21 R
(including 1 DD),
6 W
(including 1 DD)
15 R
(including 1 DD),
4 W
9 R,
3 W

Combined Coryat: $23,000

[game clues] [game scores] [suggest correction]

Game tape date: 2012-10-15
The J! Archive is created by fans, for fans. Scraping, republication, monetization, and malicious use prohibited; this site may use cookies and collect identifying information. See terms. The Jeopardy! game show and all elements thereof, including but not limited to copyright and trademark thereto, are the property of Jeopardy Productions, Inc. and are protected under law. This website is not affiliated with, sponsored by, or operated by Jeopardy Productions, Inc. Join the discussion at JBoard.tv.